| 000 | 00679cam a22002173a 4500 | ||
|---|---|---|---|
| 001 | 44387 | ||
| 003 | PGUSA | ||
| 005 | 20140828084020.0 | ||
| 008 | 131208s2013||||xxu|||||s|||||000 | eng d | ||
| 040 |
_aPGUSA _beng |
||
| 042 | _adc | ||
| 100 | 1 |
_aGoodridge Roberts, Theodore, _d1877-1953 |
|
| 245 | 1 | 0 |
_aBrothers of Peril : _bA Story of old Newfoundland _h[electronic resource] / _cTheodore Goodridge Roberts |
| 260 |
_bProject Gutenberg, _c2013 |
||
| 506 | _aPublic domain in the USA. | ||
| 516 | _aElectronic text | ||
| 700 | 1 |
_aEdwards, H. C. _q(Harry C.), _d1868-1922 |
|
| 830 | 0 |
_aProject Gutenberg _v44387 |
|
| 856 | 4 | 0 | _uhttp://www.gutenberg.org/ebooks/44387 |
| 942 | _cEB | ||
| 999 |
_c273638 _d273638 |
||